Statistiche per Squadre con più partecipazioni in Serie B

Clicka qui per fare il quiz!

Statistiche generali

  • Questo quiz è stato fatto 66 volte
  • Il punteggio medio è 13 su 16

Statistiche sulle risposte

PartecipazioniRegioneStagioni in Serie BSquadra% Corretto
47Puglia1929-1930. 1933-1935, 1941-1942, 1950-1951, 1955-1958, 1961-1963, 1964-1965, 1967-1969, 1970-1974, 1977-1983, 1984-1985, 1986-1989, 1992-1994, 1996-1997, 2001-2009, 2011-2018, 2022-Bari
95%
64Lombardia1929-1930, 1936-1938, 1939-1943, 1947-1965, 1968-1969, 1970-1980, 1981-1982, 1985-1986, 1987-1992, 1993-1994, 1995-1997, 1998-2000, 2005-2010, 2011-2019, 2020-Brescia
95%
45Sicilia1930-1932, 1936-1940, 1942-1943, 1946-1947, 1954-1956, 1958-1959, 1960-1961, 1963-1968, 1970-1972, 1973-1984, 1985-1986, 1991-1992, 1993-1997, 2001-2004, 2013-2014, 2017-2019, 2022-Palermo
95%
34Sicilia1949-1954, 1955-1960, 1966-1970, 1971-1974, 1975-1977, 1980-1983, 1984-1987, 2002-2006, 2014-2015Catania
91%
53Veneto1929-1941, 1946-1957, 1958-1968, 1974-1975, 1979-1981, 1990-1991, 1992-1996, 1997-1999, 2002-2007, 2011-2013, 2016-2017, 2018-2019Hellas Verona
91%
34Liguria1934-1935, 1951-1953, 1960-1962, 1965-1970, 1971-1973, 1974-1976, 1978-1981, 1975-1989, 1995-2005, 2006-2007, 2022-Genoa
88%
38Veneto1929-1935, 1936-1939, 1947-1949, 1950-1952, 1956-1961, 1963-1966, 1967-1968, 1991-1998, 2000-2001, 2002-2005, 2017-2021, 2022-Venezia
88%
51Emilia-Romagna1932-1938, 1940-1941, 1942-1943, 1949-1960, 1961-1962, 1964-1972, 1975-1978, 1986-1988, 1990-1994, 2001-2002, 2004-2016, 2022-Modena
86%
39Abruzzo1941-1943, 1946-1949, 1974-1977, 1978-1979, 1980-1982, 1983-1987, 1989-1992, 1993-2001, 2003-2007, 2010-2012, 2013-2016, 2017-2021Pescara
86%
36Toscana1934-1943, 1946-1952, 1965-1968, 1969-1971, 1979-1982, 1984-1985, 1986-1987, 1989-1990, 1991-1994, 2007-2009, 2016-2017, 2019-Pisa
81%
37Veneto1933-1935, 1940-1942, 1948-1955, 1975-1977, 1979-1981, 1985-1987, 1993-1995, 1999-2000, 2001-2013, 2014-2017, 2020-2022Vicenza
79%
40Lombardia1951-1966, 1967-1973, 1976-1981, 1982-1986, 1988-1990, 1992-1994, 1997-2001, 2020-2022Monza
74%
36Lombardia1931-1935, 1946-1949, 1956-1963, 1968-1975, 1976-1978, 1979-1980, 1982-1984 1989-1990, 1994-1995, 2001-2002, 2003-2004, 2015-2016, 2021-Como
72%
38Veneto1930-1932, 1934-1935, 1937-1943, 1946-1948, 1956-1955, 1962-1969, 1983-1985, 1987-1994, 1996-1998, 2009-2014, 2018-2019Padova
72%
34Piemonte1929-1936, 1937-1938, 1941-1943, 1946-1948, 1956-1962, 1965-1968, 1970-1977, 2010-2011, 2012-2014, 2015-2018Novara
67%
34Emilia-Romagna1940-1942, 1946-1952, 1958-1962, 1964-1970, 1971-1976, 1981-1983, 1989-1993, 1995-1196, 1997-1999, 2020-2021Reggiana
67%

Distribuzione punteggi

Percentile per numero di risposta

Percentuale di utenti per punteggio

I tuoi punteggi nel tempo

Non hai fatto questo quiz